00394nam a22001217a 4500020001600000082001000016100001700026245009600043260003700139300003000176650003700206700002900243 qHard Cover. a621.3 aNida Ishtiaq aMaximum Likelihood Estimation of SNR for QAM Signals Over Various Channels /cNida Ishtiaq. aIslamabad :bCEME - NUST,c2016. axi, 65 p. : ill. ;c30cm. aElectrical Engineering-MS-Thesis aDr. Shahzad Amin Sheikh.